000 00734nam a2200169 i 4500
001 159357
003 ES-MaACL
005 20230906211546.0
008 040914q18571890sp |||| | spa d
040 _aCAM
_bspa
_cCAM
245 0 0 _aMemoria sobre el camino de fierro del Norte de EspaƱa y el proyectado por los Alduides.
260 _aSan Sebastian :
_b[s.n.,
_cs.a.] (
_fImprenta de Ingacio [i.e. Ignacio] Ramon Baroja)
300 _a89 p., [1] h. pleg. ;
_c21 cm.
596 _aProbablemente impreso entre 1857 (fecha que consta en pag. 35) y finales del siglo XIX.
650 1 4 _aFerrocarriles-
_zAldudes (Valle)
_9170600
852 _aES-MaACL
_jT-1-F-9
_z-- Enc. hol.
_q-- Falto de la cub. original
_z-- Enc. en un vol. facticio
999 _c159357
_d159357